|
|
|
|
| LEADER |
01589nam a2200469 a 4500 |
| 001 |
nkc20071722104 |
| 003 |
CZ PrNK |
| 005 |
20070910100644.0 |
| 007 |
ta |
| 008 |
070531s2007 xr acfhg 000 fbcze |
| 015 |
|
|
|a cnb001722104
|
| 020 |
|
|
|a 978-80-7244-218-8
|q (váz.) :
|c Kč 209,00
|
| 035 |
|
|
|a (OCoLC)187296688
|
| 040 |
|
|
|a OLA001
|b cze
|d ABA001
|
| 043 |
|
|
|a e-xr---
|
| 045 |
|
|
|a w3x0
|
| 072 |
|
7 |
|a 821.162.3-3
|x Česká próza
|2 Konspekt
|9 25
|
| 072 |
|
7 |
|a 929
|x Biografie
|2 Konspekt
|9 8
|
| 080 |
|
|
|a 821.162.3-31
|2 MRF
|
| 080 |
|
|
|a 929
|2 MRF
|
| 080 |
|
|
|a 72.071.1
|2 MRF
|
| 080 |
|
|
|a (437.3)
|2 MRF
|
| 080 |
|
|
|a (0:82-312.6)
|2 MRF
|
| 100 |
1 |
|
|a Stýblová, Valja,
|d 1922-2020
|7 jk01121647
|4 aut
|
| 245 |
1 |
0 |
|a Lužanská mše.
|p Vita brevis /
|c Valja Stýblová
|
| 246 |
3 |
0 |
|a Vita brevis
|
| 250 |
|
|
|a 2. vyd.
|
| 260 |
|
|
|a Praha :
|b Šulc - Švarc,
|c 2007, c2005
|
| 300 |
|
|
|a 215 s., [8] s. obr. příl. :
|b il., portréty, faksim. ;
|c 21 cm
|
| 600 |
1 |
7 |
|a Hlávka, Josef,
|d 1831-1908
|7 jk01041264
|2 czenas
|
| 648 |
|
7 |
|a 19.-20. století
|7 ch757015
|2 czenas
|
| 650 |
0 |
7 |
|a architekti
|7 ph118582
|z Česko
|y 19.-20. století
|2 czenas
|
| 650 |
0 |
9 |
|a architects
|z Czechia
|y 19th-20th centuries
|2 eczenas
|
| 655 |
|
7 |
|a české romány
|7 fd133974
|2 czenas
|
| 655 |
|
7 |
|a biografické romány
|7 fd131905
|2 czenas
|
| 655 |
|
9 |
|a Czech fiction
|2 eczenas
|
| 655 |
|
9 |
|a biographical novels
|2 eczenas
|
| 910 |
2 |
|
|a BOA001
|b 2-1188.462
|
| 990 |
|
|
|a BK
|
| 995 |
|
|
|a 01
|
| 991 |
|
|
|b 200707
|
| 996 |
6 |
|
|b 2610314139
|c 2-1188.462
|l MZK
|r Sklad / do 1 hodiny
|n 0
|p p.v.
|w 000855604
|u 000010
|a 1
|e BOA001
|j MZK50
|s P
|